Quizzes
Events
Quiz Creation
Community
Videos
Private Events
Remove Ads
Sign In
Join for FREE
Feedback
Dark Mode
Quiz Categories
Sports
Geography
Music
Movies
Television
Just For Fun
Miscellaneous
History
Literature
Language
Science
Gaming
Entertainment
Religion
Holiday
For Kids
Quiz Lab
Recent
Popular Today
Quiz Kudos Today
Editor Picks
Curator Picks
Quizzes by...
Day
Popularity
Type
Ratings
Length
Year
Community
Subscriptions
Recent Discussions
Orange Saloon
Badges
Playlists
Quests
Create
Leaderboards
Showdown
Live 5
Trivia Bingo
Activity
Puzzle Library
Sporcle Events
Private Events
Virtual Trivia
Globe League
Become a Host
Pub Owners
SporcleCon
Opinionation
Our Games
Videos
Blog
Mobile Apps
Partnerships
Remove Ads and Go Orange
Feedback
Sports
Athletes
MLB
NBA
NHL
NFL
Soccer
Sports Teams
WWE
NCAA
Football
Premier League
Basketball
Baseball
Hockey
Golf
Tennis
Cricket
Rugby
Auto Racing
Olympics
World Cup
Sports
Athletes
MLB
NBA
NHL
NFL
Soccer
Sports Teams
WWE
NCAA
Football
Premier League
Basketball
Baseball
Hockey
Golf
Tennis
Cricket
Rugby
Auto Racing
Olympics
World Cup
Random Quiz
Search Sporcle
×
Quiz Lab
Quiz Lab
Sports
jim
Type in answers that appear in a list
Type in answers that appear in a list
Classic
Best Score? Go Orange.
Jim Boeheim Stats
Can you name the following facts about Jim Boeheim?
By
jones1968_44
6m
44 Questions
90 Plays
90 Plays
90 Plays
Comments
Comments
Give Quiz Kudos
Give Quiz Kudos
-
- Ratings
hide this ad
Replay
Link that replays current quiz
Next Quiz
Link to next quiz in quiz playlist
You Got
0%
They Got
Avg Score
38%
Avg Friend Score
Upgrade to see
Score Distribution
Jump to the score distribution portion of the page
Score
0/44
Timer
06:00
0
Plays Today
% Correct
Carmelo Anthony
80.9%
Carmelo Anthony
80.9%
Carrier Dome
76.4%
Kansas Jayhawks
74.2%
Guard
68.5%
Jim Calhoun
67.4%
1976
62.9%
Roy Williams
61.8%
Mike Krzyzewski
59.6%
2005
55.1%
Beijing
53.9%
Hakim Warrick
53.9%
Derrick Coleman
53.9%
Hakim Warrick
53.9%
1966
48.3%
1977
48.3%
Jonny Flynn
48.3%
Johnny Flynn
47.2%
Dave Bing
46.1%
Mike Hopkins
42.7%
New Orleans
42.7%
Blue Chips
34.8%
% Correct
Dwayne Washington
33.7%
John Wallace
33.7%
Rony Seikaly
32.6%
Etan Thomas
31.5%
Etan Thomas
31.5%
Jason Hart
29.2%
Providence Friars
28.1%
Billy Owens
28.1%
Dave Johnson
28.1%
Donte Greene
24.7%
Donte Greene
24.7%
Roy Danforth
21.3%
Leo Rautins
20.2%
Notre Dame Fighting Irish
19.1%
Demetris Nichols
10.1%
Danny Schayes
7.9%
LeRon Ellis
5.6%
San Diego State
1.1%
Scranton Miners
0%
Fred Lewis
0%
Hawaii Warriors
0%
Marty Byrnes
0%
Quiz Playlist
Details
Report
Send in Message
Add To Playlist
Classic:
Type in answers that appear in a list
Last Updated: Feb 16, 2017
Quiz Scoreboard
CHALLENGE
Sign Up to Join the Scoreboard
Show All
Scores
Hide
Comments
May contain spoilers
Recently Published
1-10 Letter E Words III
by El_Dandy
Language
2m
One Thing in Common: World Cities II
by knightlancer
Geography
7m
Popular People in 1961
by mucciniale
History
6m
More to Explore
Quiz From the Vault
Featured Blog Post
Where Did the Easter Bunny Come From?
hide this ad
You Might Also Like...
Tags
jim
Today's Top Quizzes in Sports
Browse Sports
hide this ad
Today's Top Quizzes in jim
Browse jim
Top Contributed Quizzes in Sports
1
Les meilleurs buteurs des matchs entre le PSG et l’OM
2
Les entraîneurs de l'OM et du PSG au 21e siècle
3
FIFA Club World Cup Champions
4
2022 World Cup Stars
5
Name the Premier League winners with different clubs
6
La finale Lions - Afrique du Sud 2021
7
Criteria MLB: Left Handed Sluggers
8
Players with Multiple 50 Home Run Seasons
9
MLB Players with Two .350 Batting Average Seasons
10
MLB Hall of Famer by Rings
Explore More
Trending Topics
Anime
Marvel
NBA
Harry Potter
Crossword
Kpop
Disney
Puzzle
Soccer
WWE
Song
NFL
Country
Pokémon
The Office
hide this ad
More By:
jones1968_44
Quiz
Plays
Rating
Category
Featured
Created
Presidents from New York
207
3.57
History
Oct 16, 2009
Jim Boeheim
90
5.00
Sports
Oct 2, 2009
Go to Creator's Profile
Score Distribution
Quiz Creator Spotlight
jones1968_44
Follow
Send a Message
Quizzes Created
-
Created Quiz Play Count
-
More By This Creator
Popular Quizzes Today
1
Find the US States - No Outlines Minefield
2
Find the Countries of Europe - No Outlines Minefield
3
The Countries of the World
4
Popular People in 1961
5
1-10 Letter E Words III
6
Find the US States
7
One Thing in Common: World Cities II
8
US States
More Sports Quizzes
International Footballers: Fish Out the Finns
Quiz Lab
Trending Quizzes
Risky Map Clicking: Least Populous States A-Z
1-10 Letter F Words
1-10 Letter G Words
One Thing in Common: United Kingdom
Risky Map Clicking: Biggest States A-Z
Recently Updated
Leaping Animals
pecheneg
Reality TV Shows (A-Z)
bhenderson79
Rickey Henderson's Hall of Fame Teammates
pecheneg
Champions League XIs: Arsenal
pecheneg
Quick Pick: Celebrities in WWE's Hall of Fame
aduchscher
A-Z Keypad Blitz II
pecheneg
Multiple Oscar Actors
pecheneg
Mystery Phrase Blitz: Oscar 'Best Actors'
pecheneg
F. Scott Fitzgerald Novels
LTH
Pick 3 Villains
ddd62291
Trending Topics
Crossword
Disney
Marvel
Harry Potter
Kpop
Anime
NBA
WWE
NFL
Song
The Office
Soccer
Country
Puzzle
Pokémon
Your Account Isn't Verified!
In order to create a playlist on Sporcle, you need to verify the email address you used during registration. Go to your
Sporcle Settings
to finish the process.
Report this User
Report this user for behavior that violates our
Community Guidelines
.
Details:
Send Report
Go to the Sporcle.com Mobile Site →
Comments